00930nam a2200253 a 450000100100000000500170001000800410002702000150006804000250008308200150010810000310012324500930015426000280024730000330027549000320030850000340034050000360037453400570041070000310046783000390049804900090053795201130054699900170065900002317820200930022035.0101129s1980 sp a r 000 | spa d a8472141225 aDO-SdBNPbspacBNPHU axxxbD186u aDaniels, Farrington94771910aUso directo de la energía solar /cFarrington Daniels ; traducción de Enrique Zoido. aMadrid :bBlume,c1980. axiv, 305 p. :ail. ;c21 cm. aEnergía, Clima y Diseño aIncluye índice alfabético aIncluye lista de la colección aTítulo original :tDirect use of the sun's energy.1 aZoido, Enriqueetr.947720 0aEnergía, Clima y Diseño947721 aBNGR 001050718MOaGRbGRcCTd2010-11-29iLF1l0oxxx D186up23178-10r2020-06-25w2020-06-25y1ZNo se presta c22675d22675